00469nam a22001817a 450000500170000001000110001702000100002803500110003803700160004904000120006508200150007710000190009224500540011126000440016530000230020965000220023265000330025420170124105948.0 a543158 c00.00 a543158 bCen Lib/Ret aDPLbEN a280.7bWIL aWilson, Edmund aThe scrolls from the dead sea /cby Edmund Wilson aNew YorkbOxford Unversity Press c1955 avi,121p.c18cm(Hb) aDead Sea scrolls. aManuscrits de la mer Morte.